| 000 | 00407nam a2200181Ia 4500 | ||
|---|---|---|---|
| 008 | 210210b1942 xxu||||| |||| 00| 0 eng d | ||
| 041 | _aeng | ||
| 082 | _a539/120 | ||
| 100 | _aWILKINSON (Paul H) | ||
| 245 | _aDiesel aviation engines | ||
| 260 |
_aNew York _b- _c1942 |
||
| 300 | _a92 | ||
| 650 | _aengines | ||
| 650 | _aDiesel | ||
| 650 | _aaviation | ||
| 690 | _aModern Physics | ||
| 906 | _a009136 | ||
| 999 |
_c126819 _d126819 |
||